Estadísticas para Países más Ricos A-Z

Haz click aquí para intentar la prueba.

Estadísticas generales

  • Esta prueba ha sido intentada 2.618 veces
  • La puntuación promedio es 14 de 23

Estadísticas de respuestas

LetraIngresoPaís% Correcto
Z$4,181Zambia
79%
D$56,088Dinamarca
78%
J$45,266Japón
76%
O$41,157Omán
75%
F$47,696Finlandia
73%
M$195,505Mónaco
73%
N$74,401Noruega
68%
Y$7,122Yibuti
67%
C$128,401Catar
66%
A$56,343Arabia Saudita
65%
E$76,931Emiratos Árabes Unidos
64%
L$130,560Liechtenstein
63%
K$75,855Kuwait
62%
I$86,017Irlanda
60%
S$103,499Singapur
58%
R$46,489Reino Unido
56%
H$36,004Hungría
55%
U$24,905Uruguay
53%
V$11,600Vietnam
52%
G$30,111Grecia
51%
B$90,103Brunéi
49%
P$57,346Países Bajos
48%
T$57,355Taiwán
36%

Distribución de puntuación

Porcentaje por número respondido

Porcentaje de gente con cada puntuación

Historial de tus puntuaciones

No has intentado esta prueba.